000 00458nam a2200181Ia 4500
005 20240902012430.0
008 240331s9999 xx 000 0 und d
020 _a8646299116
082 _bGOO
_a792
100 _aGoonewardene, S
245 0 _aThis total art :
_bperceptions of Sri Lankan theatre
260 _aMurrumbeena
_bLantana Publishing
_c
300 _axxiv, 247 p .,
650 _aArt
650 _a Theatre
650 _aPolitical
942 _cL
999 _c3072
_d3072